Darts World Champions - Sudden Death - Statistics

General Stats
  • This quiz has been taken 112 times
  • The average score is 12 of 13
Answers on the Grid
Answers color-coded by a green-red scale on the quiz's grid according to % correct below.
Michael Van Gerwen
Stephen Bunting
Nathan Aspinall
John Part
Rob Cross
Dave Chisnall
Jonny Clayton
Dennis Priestley
Gerwyn Price
Joe Cullen
Luke Humphries
Damon Heta
Luke Littler
Chris Dobey
Ryan Searle
Martin Schindler
Michael Smith
Peter Wright
James Wade
Adrian Lewis
Daryl Gurney
Josh Rock
Gian Van Veen
Gary Anderson
Raymond Van Barneveld
Peter Manley
Simon Whitlock
Robert Thornton
Mike de Decker
Brendan Dolan
Phil Taylor
 
Answer Stats
Answer % Correct
Michael Van Gerwen
100%
Luke Humphries
95%
Luke Littler
95%
Raymond Van Barneveld
95%
Gary Anderson
93%
Michael Smith
93%
Peter Wright
93%
Adrian Lewis
90%
Gerwyn Price
90%
John Part
90%
Rob Cross
90%
Dennis Priestley
88%
Phil Taylor
88%
No matching quizzes found
Score Distribution
Percent of People with Each Score
Percentile by Number Answered
Your Score History
You have not taken this quiz